Missing Word: Songs Turning Into Movies II Quiz Stats

 Plays Quiz Updated Aug 18, 2018

Score 0/40 Timer 04:00
0 Plays Today
Song Word % Correct
We Can Work It ____Out
91.5%
A Moment Like ____This
91%
Bleeding ____Love
90.7%
Why Can't We Be ____Friends
90.5%
Paint It, ____Black
89.6%
Don't Do Me Like ____That
88.2%
The Lady In ____Red
88.2%
Feeling ____Good
87.6%
Freddie's ____Dead
87.5%
...And Justice For ____All
86.7%
Let's Go ____Crazy
86.6%
Turn Down For ____What
86.5%
Bad Moon ____Rising
85.8%
Teach Your ____Children
84.3%
Let It ____Be
83.2%
The Tide Is ____High
81.5%
Love Is In The ____Air
80.3%
Can't Get You Out Of My ____Head
77.2%
Don't Be ____Cruel
76.1%
Blank ____Space
74.5%
Song Word % Correct
24K ____Magic
69%
Stumblin' ____In
67.8%
Mama Told Me Not To ____Come
67.2%
Already ____Gone
66.8%
Mary Jane's Last ____Dance
62.4%
Dirty Little ____Secret
58.1%
Twenty-Five Or Six To ____Four
56.5%
Whatcha ____Say
56.4%
Love Is A ____Battlefield
53%
Shock the ____Monkey
43.5%
Talk ____Dirty
43.3%
There's A Kind Of ____Hush
43.2%
Must Of Got ____Lost
42.4%
Easy to Be ____Hard
40.8%
Midnight ____Confessions
36.6%
Stereo ____Hearts
27.1%
Say Goodbye To ____Hollywood
26.7%
Who's ____Johnny
21.8%
The Edge Of ____Glory
18.1%
Ain't It ____Funny
16.6%

Today's Daily Dose

Word Ladder
Soccer Snafu

Get the Picture
Explorers by Country

You're not logged in!

Compare scores with friends on all Sporcle quizzes.
OR
Log In

Show Comments

Extras

Top Quizzes Today


Score Distribution

Your Account Isn't Verified!

In order to create a playlist on Sporcle, you need to verify the email address you used during registration. Go to your Sporcle Settings to finish the process.

Report this User

Report this user for behavior that violates our Community Guidelines.

Details: